Ciencias sociales 1 : Recursos para el docente /
Guardado en:
| Autor Principal: | |
|---|---|
| Formato: | Libro |
| Publicado: |
Buenos Aires :
Santillana,
2015.
|
| Series: | Santillana en línea
|
| Materias: | |
| Etiquetas: |
Agregar Etiqueta
Sin Etiquetas, Sea el primero en etiquetar este registro!
|
| LEADER | 01450nam a22002535a 4500 | ||
|---|---|---|---|
| 001 | CEM.cems019079 | ||
| 008 | 220623s2015##################000#0#####d | ||
| 005 | 20220623162335.0 | ||
| 003 | CEMS | ||
| 245 | 1 | 0 | |a Ciencias sociales 1 : Recursos para el docente / |c Benjamín F. Carabajal. |
| 260 | |a Buenos Aires : |b Santillana, |c 2015. | ||
| 300 | |a 32 p. | ||
| 490 | 0 | |a Santillana en línea | |
| 505 | 0 | |a Recursos para la planificación -- El estudio de la historia -- El amanecer de la humanidad -- El poblamiento de América -- La Revolución Neolítica -- Las primeras sociedades mesopotámicas -- El antiguo Egipto -- Los Estados durante el primer milenio a.C. -- Sociedades agricultoras en América -- Los Estados imperiales de América -- La antigua Grecia -- Roma: de la monarquía al fin del imperio -- La vida en Roma -- Los primeros siglos medievales -- La época feudal -- El ocaso medieval -- El mundo en que vivimos -- Ubicar y representar lugares -- Las formas de la Tierra -- El agua en el mundo -- Los climas y los biomas -- La población mundial -- Los espacios urbanos y los rurales -- Los problemas ambientales -- | |
| 020 | |a 9789504641612 | ||
| 100 | 1 | |a Carabajal, Benjamín F. | |
| 082 | 0 | 4 | |a 302 |
| 653 | |a Ciencias sociales | ||
| 653 | |a Historia | ||
| 653 | |a Historia antigua | ||
| 653 | |a Historia edad media | ||
| 653 | |a Geografía | ||
| 653 | |a Texto escolar | ||
| 859 | |a CEMS |b BIB. CEMS - 11 de abril |h 302 |i C175-1 |p 29322.22 |t Ej. 1 |v 1 | ||
